000
00344 a2200169 4500
001
189606
020
_a
85-08-06862-X
040
_c
Magnum
100
_a
Galdino, Luiz
240
1
0
_a
Segura, peão!
_l
por
245
1
0
_a
Segura, peão!
300
_a
160
362
0
_a
1998
440
1
_a
Ática
697
_a
LITERATURA JUVENIL
942
_c
BK
999
_c
189606
_d
189606